Welcome to CU Library Online Public Access Catalogue (OPAC)

An introduction to CNC machining and programming / (Record no. 8199)

MARC details
000 -LEADER
fixed length control field 00686cam a2200217 a 4500
001 - CONTROL NUMBER
control field 1997198
005 - DATE AND TIME OF LATEST TRANSACTION
control field 20251110185313.0
008 - FIXED-LENGTH DATA ELEMENTS--GENERAL INFORMATION
fixed length control field 901109s1991 nyua 001 0 eng
020 ## - INTERNATIONAL STANDARD BOOK NUMBER
International Standard Book Number 0831130091
020 ## - INTERNATIONAL STANDARD BOOK NUMBER
International Standard Book Number 9780831130091
050 00 - LIBRARY OF CONGRESS CALL NUMBER
Classification number TJ1189
Item number .G53 1991
082 00 - DEWEY DECIMAL CLASSIFICATION NUMBER
Classification number 621.9/023
Edition information 20
100 1# - MAIN ENTRY--PERSONAL NAME
Personal name Gibbs, David
Fuller form of name (David A. W.)
245 13 - TITLE STATEMENT
Title An introduction to CNC machining and programming /
Statement of responsibility, etc. David Gibbs, Thomas M. Crandell.
260 ## - PUBLICATION, DISTRIBUTION, ETC.
Place of publication, distribution, etc. New York, N.Y. :
Name of publisher, distributor, etc. Industrial Press,
Date of publication, distribution, etc. c1991.
300 ## - PHYSICAL DESCRIPTION
Extent vi, 537 p. :
Other physical details ill. ;
Dimensions 24 cm.
500 ## - GENERAL NOTE
General note Includes index.
650 #0 - SUBJECT ADDED ENTRY--TOPICAL TERM
Topical term or geographic name entry element Machine-tools
General subdivision Numerical control
-- Programming.
700 1# - ADDED ENTRY--PERSONAL NAME
Personal name Crandell, Thomas M.
942 ## - ADDED ENTRY ELEMENTS (KOHA)
Source of classification or shelving scheme Library of Congress Classification
Koha item type Books
Suppress in OPAC No
999 ## -
-- 8199
-- 8199
Holdings
Withdrawn status Lost status Source of classification or shelving scheme Damaged status Not for loan Collection Home library Current library Shelving location Date acquired Total checkouts Full call number Barcode Date last seen Copy number Price effective from Koha item type
    Library of Congress Classification     Non-fiction Science Library (Miotso) Science Library (Miotso) General stacks 11/10/2025   TJ1189 .G53 GIB SLM00005708 11/10/2025 1 11/10/2025 Books
© 2023-2024 Copyright: Central University Libraries. All Rights Reserved | Created by: Mahone Tech Office